000 01184cam a2200361 4500
999 _c23414
_d23414
001 vtls011883841
005 20221010083129.0
008 210906s2019 xo gr 000 f slo
020 _a9788056905296
_q(viazané)
035 _aurn:nbn:sk:snk-am00fi38
035 _aurn:nbn:sk:snk-am3iur3
035 _a16076DC6-7AED-41FD-AEC5-CD3B46BDA9F1
040 _aPPPK
_bslo
_cPPPK
_dSNK
_erda
041 0 _aslo
044 _axo
_cSK
072 7 _a821.162.4-3
_xSlovenská próza
_2konspekt
080 _a821.162.4-31
_22011
080 _a(0:82-312.4)
_22011
100 1 _aŠimunek, Viliam,
_d1962-
_4aut
_93636
245 1 0 _aNebezpečné spomienky
_cViliam Šimunek
250 _a1. vydanie
264 1 _aBratislava
_bMarenčin PT
_c2019
300 _a286 strán
_c21 cm
336 _atext
_btxt
_2rdacontent
337 _abez média
_bn
_2rdamedia
338 _azväzok
_bnc
_2rdacarrier
500 _aObsahuje biografické údaje o autorovi na záložke prebalu publikácie
655 7 _aslovenské romány
_2SNKPH
_91694
655 7 _adetektívne romány
_2SNKPH
_91710
655 7 _aSlovak fiction
_2SNKPHeng
_91695
655 7 _aDetective novels
_2SNKPHeng
_91711
958 _aLX